LIBRARY & INFORMATION CENTRE, KCAET, TAVANUR

ONLINE PUBLIC ACCESS CATALOGUE (OPAC)

International Encyclopaedia of Agricultural Engineering, Vol.2 / (Record no. 13451)

MARC details
000 -LEADER
fixed length control field 00338cam a2200121ua 4500
020 ## - INTERNATIONAL STANDARD BOOK NUMBER
ISBN 9788126133758
082 ## - DEWEY DECIMAL CLASSIFICATION NUMBER
Classification number 630.
Item number MAD/IN
100 ## - MAIN ENTRY--AUTHOR NAME
Personal name Maddala, R .
245 ## - TITLE STATEMENT
Title International Encyclopaedia of Agricultural Engineering, Vol.2 /
260 ## - PUBLICATION, DISTRIBUTION, ETC. (IMPRINT)
Place of publication New Delhi :
Name of publisher Anmol Publications Pvt Ltd ,
Year of publication 2007.
300 ## - PHYSICAL DESCRIPTION
Number of Pages 600
942 ## - ADDED ENTRY ELEMENTS (KOHA)
Koha item type Books
Holdings
Withdrawn status Lost status Damaged status Home library Current library Date acquired Full call number Accession Number Koha item type Collection code Shelving location Source of acquisition Cost, normal purchase price
      KAUAET KAUAET 07/04/2012 630 21955 Reference        
      KAUAET KAUAET 19/07/2016 630. MAD/IN 24864 Books   General Stacks Ganesh Book Centre 5000.00
free website counter